000 00550nam a2200181Ia 4500
003 GCL
008 140319s9999 xx 000 0 ara d
040 _aGCL /
_cGCL
082 0 4 _a157.9
_bى ح
100 1 _aيحيى الرخاوى
245 1 0 _aحيرة طبيب نفسى: نهاية وبداية /
_cيحيى الرخاوى
300 _a234 ص
490 _aالهيئة العامة للاستعلامات
_v0
650 0 4 _aالصحة النفسية
650 0 4 _aعلم النفس
650 0 4 _aالعلاج النفسى
942 _2ddc
_cBK
999 _c50916
_d50916